LEADER 04564nam 22006494a 450 001 9910784631003321 005 20200520144314.0 010 $a1-281-05367-8 010 $a9786611053673 010 $a0-08-052582-2 035 $a(CKB)1000000000384846 035 $a(EBL)313545 035 $a(OCoLC)476102349 035 $a(SSID)ssj0000095699 035 $a(PQKBManifestationID)11120083 035 $a(PQKBTitleCode)TC0000095699 035 $a(PQKBWorkID)10075956 035 $a(PQKB)10318254 035 $a(Au-PeEL)EBL313545 035 $a(CaPaEBR)ebr10190896 035 $a(CaONFJC)MIL105367 035 $a(OCoLC)57188843 035 $a(MiAaPQ)EBC313545 035 $a(EXLCZ)991000000000384846 100 $a20021118d2002 uy 0 101 0 $aeng 135 $aur|n|---||||| 181 $ctxt 182 $cc 183 $acr 200 10$a3D fibre reinforced polymer composites$b[electronic resource] /$fLiyong Tong, Adrian P. Mouritz, Michael K. Bannister 205 $a1st ed. 210 $aBoston $cElsevier$d2002 215 $a1 online resource (255 p.) 300 $aDescription based upon print version of record. 311 $a0-08-043938-1 320 $aIncludes bibliographical references and index. 327 $aFront Cover; 3D Fibre Reinforced Polymer Composites; Copyright Page; Table of Contents; Preface; Chapter 1. Introduction; 1.1 Background; 1.2 Introduction to 3D FRP Composites; Chapter 2. Manufacture of 3D Fibre Preforms; 2.1 Introduction; 2.2 Weaving; 2.3 Braiding; 2.4 Knitting; 2.5 Stitching; 2.6 SUMMARY; Chapter 3. Preform Consolidation; 3.1 Introduction; 3.2 Liquid Moulding Techniques; 3.3 Injection Equipment; 3.4 Resin Selection; 3.5 Preform Considerations; 3.6 Tooling; 3.7 Component Quality; 3.8 Summary; Chapter 4. Micromechanics Models for Mechanical Properties; 4.1 Introduction 327 $a4.2 Fundamentals in Micromechanics4.3 Unit Cell Models for 2D Woven Composites; 4.4 Models for 3D Woven Composites; 4.5 Unit Cell Models for Braided and Knitted Composites; 4.6 Failure Strength Prediction; Chapter 5. 3D Woven Composites; 5.1 Introduction; 5.2 Microstructural Properties of 3D Woven Composites; 5.3 In-Plane Mechanical Properties of 3D Woven Composites; 5.4 Interlaminar Fracture Properties of 3D Woven Composites; 5.5 Impact Damage Tolerance of 3D Woven Composites; 5.6 3D Woven Distance Fabric Composites; Chapter 6. Braided Composite Materials; 6.1 Introduction 327 $a6.2 In-Plane Mechanical Properties6.3 Fracture Toughness and Damage Performance; 6.4 Fatigue Performance; 6.5 Modelling of Braided Composites; 6.6 Summary; Chapter 7. Knitted Composite Materials; 7.1 Introduction; 7.2 In-Plane Mechanical Properties; 7.3 Interlaminar Fracture Toughness; 7.4 Impact Performance; 7.5 Modelling of Knitted Composites; 7.6 Summary; Chapter 8. Stitched Composites; 8.1 Introduction to Stitched Composites; 8.2 The Stitching Process; 8.3 Mechanical Properties of Stitched Composites; 8.4 Interlaminar Properties of Stitched Composites 327 $a8.5 Impact Damage Tolerance of Stitched Composites8.6 Stitched Composite Joints; Chapter 9. Z-Pinned Composites; 9.1 Introduction; 9.2 Fabrication of Z-Pinned Composites; 9.3 Mechanical Properties of Z-Pinned Composites; 9.4 Delamination Resistance and Damage Tolerance of Z-Pinned Composites; 9.5 Z-Pinned Joints; 9.6 Z-Pinned Sandwich Composites; References; Subject Index 330 $aFibre reinforced polymer (FRP) composites are used in almost every type of advanced engineering structure, with their usage ranging from aircraft, helicopters and spacecraft through to boats, ships and offshore platforms and to automobiles, sports goods, chemical processing equipment and civil infrastructure such as bridges and buildlings. The usage of FRP composites continues to grow at an impressive rate as these materials are used more in their existing markets and become established in relatively new markets such as biomedical devices and civil structures. A key factor driving the increa 606 $aFiber-reinforced plastics 606 $aPolymeric composites 615 0$aFiber-reinforced plastics. 615 0$aPolymeric composites. 676 $a620.1/923 700 $aTong$b Liyong$f1963-$0627310 701 $aMouritz$b Adrian P$01465671 701 $aBannister$b Michael K$01560619 801 0$bMiAaPQ 801 1$bMiAaPQ 801 2$bMiAaPQ 906 $aBOOK 912 $a9910784631003321 996 $a3D fibre reinforced polymer composites$93826743 997 $aUNINA LEADER 01071nam0 22002771i 450 001 UON00197851 005 20251118095931.764 010 $a88-13-19600-8 100 $a20030730d1996 |0itac50 ba 101 $aita 102 $aIT 105 $a|||| ||||| 200 1 $aˆLa ‰causa della rigidità costituzionale$euna rilettura di Bryce, dello Statuto Albertino e di qualche altra costituzione$fAlessandro Pace 205 $aSeconda edizione ampliata 210 $aPadova$cCEDAM$d1996 215 $aX , 108 p.$d24 cm. 606 $aItalia$xCostituzione$xStudi$3UONC036599$2FI 620 $aIT$dPadova$3UONL000153 700 1$aPace$bAlessandro$3UONV100597$0211116 712 $aCedam$3UONV247039$4650 801 $aIT$bSOL$c20251121$gRICA 899 $aSIBA - SISTEMA BIBLIOTECARIO DI ATENEO$2UONSI 912 $aUON00197851 950 $aSIBA - SISTEMA BIBLIOTECARIO DI ATENEO$dSI A 0432 $eSI SC 30092 5 0432 996 $aCausa della rigidita' costituzionale$9637490 997 $aUNIOR